NCAA Hockey Champions - Statistics

General Stats
  • This quiz has been taken 48 times
  • The average score is 14 of 22
Answer Stats
Years School % Correct
1948, 1951, 1952, 1953, 1955, 1956, 1964, 1996, 1998 Michigan
97%
1966, 1986, 2007 Michigan State
92%
1949, 2001, 2008, 2010, 2012 Boston College
85%
1974, 1976, 1979, 2002, 2003 Minnesota
85%
1959, 1963, 1980, 1982, 1987, 1997, 2000, 2016 North Dakota
85%
1958, 1960, 1961, 1968, 1969, 2004, 2005, 2017, 2022 Denver
82%
1973, 1977, 1981, 1983, 1990, 2006 Wisconsin
82%
2021 UMass
74%
1950, 1957 Colorado College
72%
2013 Yale
69%
1971, 1972, 1978, 1995, 2009 Boston University
67%
1993, 1999 Maine
67%
1989 Harvard
64%
2011, 2018, 2019 Minnesota Duluth
64%
1967, 1970 Cornell
62%
2015 Providence
49%
1962, 1965, 1975 Michigan Tech
46%
2014 Union
46%
1988, 1992, 1994 Lake Superior State
41%
1954, 1985 RPI
41%
1991 Northern Michigan
36%
1984 Bowling Green
23%
No matching quizzes found
Score Distribution
Percent of People with Each Score
Percentile by Number Answered
Your Score History
You have not taken this quiz